| 000 | 00562nam a22001937a 4500 | ||
|---|---|---|---|
| 003 | OSt | ||
| 005 | 20250524143941.0 | ||
| 008 | 250515b |||||||| |||| 00| 0 eng d | ||
| 020 | _a9788197750014 | ||
| 040 | _cddc | ||
| 082 | _a174.4 | ||
| 100 | _aSuvarna Ganvir | ||
| 245 |
_aEssentials of Ethics, Laws, Professionalism and Management _bfor Physiotherapy Students _cSurvana Ganvir |
||
| 250 | _a1st | ||
| 260 |
_aNew Delhi _bCBS Publishers & Distributors _c2025 |
||
| 650 |
_vPhysiotherapy _xEssentials of Ethics, Laws |
||
| 942 |
_cBK _2ddc |
||
| 999 |
_c249113 _d249113 |
||